| 000 | 00606cab a2200193 4500 | ||
|---|---|---|---|
| 001 | WB3511-10 | ||
| 008 | 090401t1999 xxu||||| |||| 00| 0 eng d | ||
| 035 | _a(Sirsi) u92170 | ||
| 041 | _aeng | ||
| 245 | _aIndustrial space rises | ||
| 260 | _c1999 | ||
| 350 | _a0 | ||
| 490 |
_aProperty Week _v64(10) 12 March 1999, 6(1) |
||
| 520 | _aAccording to the latest industrial floorspace survey from King Sturge, speculative industrial floorspace has increased by 10% in the last four years. | ||
| 650 | _aINDUSTRIAL SPACE | ||
| 690 | _aPROPERTY-COMMERCIAL PROPERTY | ||
| 942 | _n0 | ||
| 948 | _c17/03/1999 | ||
| 999 |
_c58437 _d58437 |
||